Egy iskola távol a világ zajától

Bibliographic Details
Main Authors: Baffi, Szilvia (Author), Varga, Róbert (Author)
Format: Article
Language:Hungarian
PhysicalDescription:Fotogr.
ISSN:1335-6445
Subjects:

MARC

LEADER 00000nab a2200000 a 4500
001 vtls010620464
003 SK-MaSNL
005 20260318132734.0
008 141024|2014 xo m| 000 02hun
015 |a SNBRB2014/09 
038 |a DSZK 
040 |a DSZK  |b slo  |c DSZK  |e AACR2 
041 0 |a hun 
044 |a xo  |c SK 
080 |a 373.2/.3  |x (=511.141)  |x (437.6)  |2 2001 
100 1 |a Baffi, Szilvia  |4 aut  |9 1223575 
245 1 0 |a Egy iskola távol a világ zajától  |c Baffi Szilvia, Varga Róbert 
300 |b Fotogr. 
610 2 7 |a Základná škola s materskou školou s vyučovacím jazykom maďarským (Kútniky, Slovensko)  |2 dszk  |9 1223576 
650 0 7 |a základné školy s vyučovacím jazykom maďarským  |2 dszk  |9 87207 
650 0 7 |a materské školy s vyučovacím jazykom maďarským  |2 dszk  |9 854842 
651 7 |a Kútniky (Slovensko)  |2 SNKPHgeo  |9 111136 
700 1 |a Varga, Róbert  |4 aut  |9 301660 
773 0 |t Katedra  |g Évf. XXI, sz. 9 (2014), o. 10-11  |x 1335-6445 
852 |a DSZK  |b KIS3GCP 
958 |a HU 
958 |a SK 
999 |c 2149136  |d 2151066